000 00879nam a2200241Ia 4500
003 OSt
005 20220923214217.0
006 a|||||r|||| 00| 0
007 ta
008 220922b |||||||| |||| 00| 0 hin d
024 _a167,945
037 _cTextual
040 _aARTS
_cARTS
_bhin
041 _2hin
_ahin
082 _aO152,1M16:g, K6
100 _aजैन, रवीन्द्र कुमार
245 0 _aकविवर बनारसी दास (जीवनी और कृतित्व)
246 _aKavivar banārasī dās (jīvanī aur kṛutitva)
260 _aवाराणसी
_b भारतीय ज्ञानपीठ
_c1966
650 _aहिन्दी साहित्य
_9156264
942 _hO152,1M16:g, K6
_cTEXL
_2CC
999 _c322415
_d322415